00506nam a2200193Ia 4500008004100000020001500041050001000056050001400066100001800080245002800098245002100126260001800147260001900165260000900184300001300193300002000206650005600226650003000282160319s9999 xx 000 0 und d a9712715450 a959.9 bJ62q 2005 aJoaquin, Nick 2aA question of heroes /  cby Nick Joaquin. aPasig City :  bAnvil Pub. Inc c2005 a237 p. : billustrations : a Philippines -- Biography -- History and criticism aPhilippines -- Biography